| 000 | 00567nam a22001697a 4500 | ||
|---|---|---|---|
| 003 | SGT | ||
| 020 | _a9788120348448 | ||
| 082 |
_a621.3153 _bKUM |
||
| 100 | _aKUMAR,BALBIR | ||
| 245 | _aELECTRONIC DEVICES AND CIRCUITS | ||
| 250 | _a2ND | ||
| 260 |
_aNEW DELHI _bPHI _c2014 |
||
| 300 | _a728 | ||
| 650 | _aELECTRONICS ENGINEERING | ||
| 653 | _aSEMICONDUCTOR PHYSICS, THE p-n JUNCTION DIODE, APPLICATION OF DIODES,, BIPOLAR JUNCTION TRANSISTORS (BJT's), BJT & FET AMPLIFIERS, MULTISTAGE AMPLIFIERS, FREQUENCY RESPONSE OF AMPLIFIERS, OSCILLATORS, | ||
| 942 |
_2ddc _cBK |
||
| 999 |
_c8230 _d8230 |
||